Location theory : vol.1 & 2 (Record no. 82248)
[ view plain ]
| 000 -LEADER | |
|---|---|
| fixed length control field | 01128nam a2200289 a 4500 |
| 008 - FIXED-LENGTH DATA ELEMENTS--GENERAL INFORMATION | |
| fixed length control field | 060424s1996 ||||||||||||||||| || u |
| 020 ## - INTERNATIONAL STANDARD BOOK NUMBER | |
| International Standard Book Number | 1858981085 |
| 050 ## - LIBRARY OF CONGRESS CALL NUMBER | |
| Classification number | HC 79.D5 Loc |
| 100 ## - MAIN ENTRY--PERSONAL NAME | |
| Personal name | Button, Kenneth John |
| 245 10 - TITLE STATEMENT | |
| Title | Location theory : vol.1 & 2 |
| Statement of responsibility, etc. | edited by J. Thisse |
| 260 ## - PUBLICATION, DISTRIBUTION, ETC. | |
| Place of publication, distribution, etc. | Cheltenham : |
| Name of publisher, distributor, etc. | Edward Elgar Pub. Ltd |
| Date of publication, distribution, etc. | 1996 |
| 300 ## - PHYSICAL DESCRIPTION | |
| Extent | 2 v. : ill. |
| 350 ## - | |
| -- | 0.00 |
| 490 ## - | |
| -- | Modern classics in regional science |
| 490 ## - | |
| -- | An Elgar reference collection |
| 500 ## - GENERAL NOTE | |
| General note | Includes bibliographical references |
| 650 #0 - SUBJECT ADDED ENTRY--TOPICAL TERM | |
| Topical term or geographic name entry element | SPACE IN ECONOMICS |
| 650 ## - SUBJECT ADDED ENTRY--TOPICAL TERM | |
| Topical term or geographic name entry element | LAND USE, URBAN |
| 650 ## - SUBJECT ADDED ENTRY--TOPICAL TERM | |
| Topical term or geographic name entry element | INDUSTRY |
| 650 ## - SUBJECT ADDED ENTRY--TOPICAL TERM | |
| Topical term or geographic name entry element | INDUSTRIES, LOCATION OF |
| 650 ## - SUBJECT ADDED ENTRY--TOPICAL TERM | |
| Topical term or geographic name entry element | INDUSTRIAL LOCATION |
| 650 ## - SUBJECT ADDED ENTRY--TOPICAL TERM | |
| Topical term or geographic name entry element | INDUSTRIALIZATION |
| 700 ## - ADDED ENTRY--PERSONAL NAME | |
| Personal name | Thisse, Jacques Franðcois |
| 700 ## - ADDED ENTRY--PERSONAL NAME | |
| Personal name | Nijkamp, Peter |
| 995 ## - | |
| -- | MAIN LIBRARY OPEN ACCESS |
| -- | 0.00 |
| -- | 733893 |
| -- | CBU-MAIN LIBRARY (Kitwe) |
| -- | 1 |
| -- | 38.00 |
| -- | HC 79.D5 Loc |
| -- | 1 |
| -- | AVAILABLE |
| -- | 046033 |
| -- | Main Library Open Access Collection |
| 995 ## - | |
| -- | MAIN LIBRARY OPEN ACCESS |
| -- | 0.00 |
| -- | 733892 |
| -- | CBU-MAIN LIBRARY (Kitwe) |
| -- | 2 |
| -- | 38.00 |
| -- | HC 79.D5 Loc |
| -- | 2 |
| -- | AVAILABLE |
| -- | 046034 |
| -- | Main Library Open Access Collection |
| 999 ## - | |
| -- | 82248 |
| -- | 82248 |
| Withdrawn status | Lost status | Source of classification or shelving scheme | Damaged status | Not for loan | Permanent Location | Current Location | Shelving location | Date acquired | Total Checkouts | Full call number | Barcode | Date last seen | Copy number | Price effective from | Koha item type |
|---|---|---|---|---|---|---|---|---|---|---|---|---|---|---|---|
| CBU-MAIN LIBRARY, KITWE. | CBU-MAIN LIBRARY, KITWE. | 09/27/2023 | HC 79.D5 Loc | 046033 | 09/27/2023 | 1 | 09/27/2023 | MONOGRAPH | |||||||
| CBU-MAIN LIBRARY, KITWE. | CBU-MAIN LIBRARY, KITWE. | 09/27/2023 | HC 79.D5 Loc | 046034 | 09/27/2023 | 2 | 09/27/2023 | MONOGRAPH |